| 000 | 00529nam a22001697a 4500 | ||
|---|---|---|---|
| 003 | NUST - PNEC | ||
| 005 | 20170116180911.0 | ||
| 008 | 150903b xxu||||| |||| 00| 0 eng d | ||
| 020 | _a9698122044 | ||
| 040 | _cLIBRARY | ||
| 082 | _a620.11 AFZ | ||
| 100 |
_97024 _aAfzal Khan |
||
| 245 |
_aAdvanced materials-99 : proceedings of the 4th International Symposium on Advanced Materials, 17-21st September, 1995, Islamabad, Pakistan _c Afzal Khan |
||
| 260 | _cc1999. | ||
| 650 |
_96985 _aMaterials science _xME |
||
| 942 |
_2ddc _cBK |
||
| 999 |
_c65262 _d65262 |
||